Culture générale - numéro 23 - Statistiques

Statistiques générales
  • Ce quiz a été pris 171 fois
  • Le résultat moyen est 8 sur 15
Statistiques - réponses
Question Réponse % Correct
Dans quel pays se situe la Tchétchénie? Russie
90%
Quel jeu de plateau est composé entre autres de pions et de tours? Échecs
89%
Quelle est la capitale de Malte? La Valette
77%
Dans Harry Potter, quelle relique de la mort dissimule la personne qui le porte? Cape d'invisibilité
64%
Quel pays est enclavé dans le Sénégal? Gambie
59%
Quel autre nom est donné au léopard? Panthère
58%
Dans quelle ville de la région historique d'Auvergne, à t'il poussé ce record à 6,27 mètres? Clermont-Ferrand
50%
Quel athlète représentant la Suède est détenteur du record de saut à la perche? Armand Duplantis
47%
Quel est le plus grand fleuve d'Eurasie? Volga
46%
Quel club est le plus titré en ligue de football en Argentine, devant les Boca Junior? River Plate
44%
Comment désigne t'on aussi le fruit Pitaya? Fruit du dragon
42%
Quel nom de code est donné à la bombe atomique larguée sur Hiroshima en 1945? Little Boy
40%
Quelle est la capitale judiciaire en Afrique du Sud? Bloemfontein
34%
Qui est l'auteur de la nouvelle "La Parure"? Maupassant
32%
Quel grand biome terrestre est aussi appelé Forêt Boréale? Taïga
24%
Aucun quiz correspondant
Distribution des résultats
% des personnes avec chaque résultat
Percentile par nombre de réponses
Votre historique - résultats
Vous n’avez pas pris ce quiz